000 00748nam a2200229 i 4500
001 16317
003 ES-MaACL
005 20230906151306.0
007 t|
008 000828s1999 sp ||||1| spa d
020 _a84-7509-327-2
080 _a39(954)
100 1 _aMead, Margaret.
_979621
245 1 0 _aEducación y cultura en Nueva Guinea
_b: estudio comparativo de la educación entre los pueblos primitivos /
_cMargaret Mead.
260 _aBarcelona :
_bPaidós Ibérica,
_c1999.
300 _a282 p. ;
_c22 cm.
490 1 _aPaidós básica ;
_v26
650 4 _aAntropología cultural y social-
_zNueva Guinea.
_99884
830 0 _aPaidós básica ;
_v26
_9178397
852 _aES-MaACL
_jL-23589
_bR.128685
999 _c16317
_d16317